Modern banking in India (Record no. 6258)

MARC details
000 -LEADER
fixed length control field 00796 a2200217 4500
005 - DATE AND TIME OF LATEST TRANSACTION
control field 2008082604154.0
008 - FIXED-LENGTH DATA ELEMENTS--GENERAL INFORMATION
fixed length control field 080826t xxu||||| |||| 00| 0 eng d
010 ## - LIBRARY OF CONGRESS CONTROL NUMBER
LC control number ENG-87236
020 ## - INTERNATIONAL STANDARD BOOK NUMBER
International Standard Book Number 9788184500196
Terms of availability 1090.00
035 ## - SYSTEM CONTROL NUMBER
System control number EN-70769
037 ## - SOURCE OF ACQUISITION
Source of stock number/acquisition DBAD / PUB
082 ## - DEWEY DECIMAL CLASSIFICATION NUMBER
Classification number 332.170954
100 ## - MAIN ENTRY--PERSONAL NAME
Personal name Sharma, K.C.
245 ## - TITLE STATEMENT
Title Modern banking in India
Statement of responsibility, etc by K..C. Sharma
260 ## - PUBLICATION, DISTRIBUTION, ETC. (IMPRINT)
Place of publication, distribution, etc New Delhi
Name of publisher, distributor, etc Deep & Deep Publications
Date of publication, distribution, etc 2007
270 ## - ADDRESS
Address F-159, Rajouri Garden
City New Delhi
Postal code 110 027
300 ## - PHYSICAL DESCRIPTION
Extent xxx, 362p.
Dimensions 22cm (Hb )
500 ## - GENERAL NOTE
General note Includes index
942 ## - ADDED ENTRY ELEMENTS (KOHA)
Institution code [OBSOLETE] dpl
Koha item type English Books
Call number prefix 332.170954 / SHA
Source of classification or shelving scheme Dewey Decimal Classification
Classification part 332.170954
Call number suffix SHA
Holdings
Withdrawn status Lost status Damaged status Not for loan Home library Current library Date acquired Cost, normal purchase price Total Checkouts Full call number Barcode Date last seen Uniform Resource Identifier Cost, replacement price Price effective from Koha item type
        D.B.Act.Division D.B.Act.Division 26/08/2008 1090.00   332.170954 SHA EN-70769 15/09/2008 6736 1090.00 15/09/2008 English Books

© Delhi Public Library
Hit Counter
free hit counter